000 00684nam a22002417a 4500
003 UA-OsUOA
001 119934
007 ta
008 20161122b un ||||| |||| 00| 0 ukr d
100 _aЗайцев М.
090 _a1(091)(38)
_bЗ-17
942 _cBK
040 _aUA-OsUOA
_bukr
_cUA-OsUOA
_dUA-OsUOA
245 _aРанні грецькі філософи (від Фалеса до Демокрита)
_bкурс лекцій
300 _a178 с.
955 _a1
041 _aukr
080 _a1(091)(38)
020 _a978-617-7328-27-7
260 _aОстрог
_bНаУОА
_c2016
650 7 _a1(091) Історія філософії
_2UDC
999 _c405900
_d405900